Heat transfer (Record no. 3641)

000 -LEADER
fixed length control field 00564nam a2200229 a 4500
001 - CONTROL NUMBER
control field 3641
003 - CONTROL NUMBER IDENTIFIER
control field BD-DhUET
008 - FIXED-LENGTH DATA ELEMENTS--GENERAL INFORMATION
fixed length control field 960506s1997 nyua b 001 0 eng
020 ## - INTERNATIONAL STANDARD BOOK NUMBER
International Standard Book Number 0071143203
020 ## - INTERNATIONAL STANDARD BOOK NUMBER
International Standard Book Number 0078447852
040 ## - CATALOGING SOURCE
Original cataloging agency DLC
Transcribing agency DLC
Modifying agency BD-DhUET
082 00 - DEWEY DECIMAL CLASSIFICATION NUMBER
Classification number 621.011
Item number HOL/1997
100 1# - MAIN ENTRY--PERSONAL NAME
Personal name Holman, J. P.
245 10 - TITLE STATEMENT
Title Heat transfer
250 ## - EDITION STATEMENT
Edition statement 8th ed.
260 ## - PUBLICATION, DISTRIBUTION, ETC. (IMPRINT)
Place of publication, distribution, etc. New York
Name of publisher, distributor, etc. McGraw-Hill
Date of publication, distribution, etc. 1997
300 ## - PHYSICAL DESCRIPTION
Extent xviii, 696 p.
Other physical details ill.
490 ## - SERIES STATEMENT
Series statement Schaum's outline series
504 ## - BIBLIOGRAPHY, ETC. NOTE
Bibliography, etc Includes bibliographies
650 #0 - SUBJECT ADDED ENTRY--TOPICAL TERM
Topical term or geographic name as entry element Heat transfer
942 ## - ADDED ENTRY ELEMENTS (KOHA)
Koha item type General Book
Holdings
Copy number Price effective from Date acquired Sublocation or collection (holding branch) Koha issues (times borrowed) Koha full call number Piece designation (barcode) Shelving location Koha date last borrowed Withdrawn status Location (home branch) Koha item type Koha normalized classification for sorting Koha out on loan Source of classification or shelving scheme Lost status Damaged status Koha date last seen Not for loan
12014-11-032014-11-03Central Library, BUET3621.011/HOL/199792450Circulation section2025-04-27 Central Library, BUETGeneral Book621_011000000000000_HOL_19972025-05-11   2025-04-27 
22014-11-032014-11-03Central Library, BUET 621.011/HOL/199792452Circulation section  Central Library, BUETGeneral Book621_011000000000000_HOL_1997    2014-11-03 
32014-11-032014-11-03Central Library, BUET 621.011/HOL/199792453Circulation section  Central Library, BUETGeneral Book621_000000000000000_011HOL1997    2016-07-30 
42014-11-032014-11-03Central Library, BUET1621.011/HOL/199792454Circulation section2022-01-09 Central Library, BUETGeneral Book621_000000000000000_011HOL1997    2022-06-08 
52014-11-032014-11-03Central Library, BUET2621.011/HOL/199792455Circulation section2024-10-02 Central Library, BUETGeneral Book621_000000000000000_011HOL1997    2024-10-28 
62014-11-032014-11-03Central Library, BUET3621.011/HOL/199792457Circulation section2023-12-10 Central Library, BUETGeneral Book621_000000000000000_011HOL1997    2024-08-31 
72014-11-032014-11-03Central Library, BUET 621.011/HOL/199792459Circulation section  Central Library, BUETGeneral Book621_000000000000000_011HOL1997    2014-11-03 
82014-11-032014-11-03Central Library, BUET1621.011/HOL/199792460Circulation section2024-03-12 Central Library, BUETGeneral Book621_011000000000000_HOL_1997    2024-08-28 
92014-11-032014-11-03Central Library, BUET1621.011/HOL/199792461Circulation section2024-04-08 Central Library, BUETGeneral Book621_000000000000000_011HOL1997    2024-06-22 
102014-11-032014-11-03Central Library, BUET5621.011/HOL/199792462Circulation section2024-12-10 Central Library, BUETGeneral Book621_000000000000000_011HOL1997    2025-03-12 
112014-11-032014-11-03Central Library, BUET1621.011/HOL/199792464Circulation section2015-03-04 Central Library, BUETGeneral Book621_000000000000000_011HOL1997    2017-05-03 
122014-11-032014-11-03Central Library, BUET3621.011/HOL/199792465Circulation section2019-06-17 Central Library, BUETGeneral Book621_000000000000000_011HOL1997    2019-07-10 
132014-11-032014-11-03Central Library, BUET3621.011/HOL/199792466Circulation section2022-05-24 Central Library, BUETGeneral Book621_000000000000000_011HOL1997    2022-06-08 
142015-04-122015-04-12Central Library, BUET 621.011 HOL/199792468Circulation section  Central Library, BUETGeneral Book621_011000000000000_HOL_1997    2015-04-12 
152015-07-022015-07-02Central Library, BUET 621.011/HOL/199792447Reading section  Central Library, BUETReading Item621_011000000000000_HOL_1997    2015-07-02 
162015-07-092015-07-09Central Library, BUET 621.011/HOL/199792446Reading section  Central Library, BUETReading Item621_011000000000000_HOL_1997    2015-07-09